[Event "EU-chT (Men) 12th"]
[Site "Batumi"]
[Date "1999.11.29"]
[Round "1.1"]
[White "Muir, Andrew Joseph"]
[Black "Fedorov, Alexei"]
[Result "0-1"]
[WhiteElo "2318"]
[BlackElo "2659"]
[Annotator "Hazai,L"]
[PlyCount "56"]
[EventDate "1999.11.06"]
[EventType "team-swiss"]
[EventRounds "9"]
[EventCountry "GEO"]
[SourceTitle "CBM 074"]
[Source "ChessBase"]
[SourceDate "2000.02.01"]
[SourceVersion "1"]
[SourceVersionDate "2000.02.01"]
[SourceQuality "1"]
[WhiteTeam "Scotland"]
[BlackTeam "Belarus"]
[WhiteTeamCountry "SCO"]
[BlackTeamCountry "BLR"]

1. d4 Nf6 2. c4 g6 3. Nc3 Bg7 4. e4 d6 5. f3 O-O 6. Nge2 a6 7. Bg5 Nc6 8. Qd2
Rb8 9. h4 (9. d5 {is the positional plan here.}) 9... h5 10. Bh6 $6 {
Surprisingly enough this natural move is dubious.} (10. O-O-O b5 11. Bh6 $6
Bxh6 12. Qxh6 e5 {- 10.Bh6}) (10. Nc1) 10... Bxh6 $1 {The Q on h6 looks
dangerous, but in fact there is no immediate attack and she is far from the [+]
and the <<.} (10... b5 11. Bxg7 Kxg7 {is the old theoretical continuation.})
11. Qxh6 e5 $1 {Now White has some problems on the dark squares, especially on
>< d4.} ({or} 11... b5 12. O-O-O e5 {- 11...e5}) 12. O-O-O ({On} 12. d5 {
follows} Nd4 $1 13. O-O-O c5 {Black has to keep his strong N at any cost.} (
13... Nxe2+ $143 14. Bxe2 Bd7 15. g4 b5 16. Rdg1 b4 17. gxh5 $1 {and White
comes first.}) 14. dxc6 bxc6 {Black has opened the b <->, so he can sacrifice
a P for that.} (14... Nxe2+ {is again weaker because after} 15. Bxe2 bxc6 16.
Qd2 {the >< d6 is rather vulnerable.}) 15. Nxd4 exd4 16. Rxd4 {Now the R is
undefended in many variations.} Rxb2 $1 17. e5 (17. c5 Rf2 $1 $36) (17. Kxb2 $2
Qb6+) 17... Bf5 {/\ Rc2} 18. Bd3 Rxg2 19. Bxf5 Qa5 {Now many white pieces are
hanging!} 20. Qe3 dxe5 21. Rd2 Rxd2 22. Qxd2 Rb8 $44) 12... b5 13. d5 (13. g4 {
(Lerner-W.Watson, Moscow 1985)} Bxg4 $1 14. dxe5 Nxe5 15. fxg4 Nfxg4 16. Qf4
Nxc4 17. Nd4 $13 {Christiansen}) (13. cxb5 axb5 14. dxe5 Nxe5 $36) 13... Na5
14. Ng3 {White believes that only the b2 P is weak, which can easily be
defended from d2. On the other hand he has attacking chances after preparing
g2-g4. However things are far from clear, as we will see it later!} (14. cxb5
axb5 15. b4 {allows} Nc4 $132) 14... bxc4 15. Be2 {/\ Nf1-e3} Rb4 ({or first} 
15... Bd7 16. Rd2 {and then} Rb4 17. Nf1 Qb8 (17... Nh7 18. Ne3 Qf6 $13 {
A.Schneider-Reschke, Budapest 1995}) 18. g4 Qb6 $40 {and suddenly Black will
triple his heavy artillery on the b <->, while White has wasted time on the >>.
}) 16. Nf1 (16. Rd2 {This is a prophylactic defensive move, which cannot be
avoided anyway.} Bd7 (16... c5 {comes also into consideration, but then White
can also get play on the d <->.} 17. dxc6 (17. Nf1 $5) 17... Nxc6 18. a3 Rb7 (
18... Rb6 19. Bxc4 Ne7 {comes into consideration, because on b7 the R is more
vulnerable.}) 19. Bxc4 Be6 20. Nd5 Bxd5 21. Rxd5 Nd4 (21... Nxd5 $2 {founders
on the brilliant intermediate move} 22. Nxh5 $1 $18 gxh5 23. Rh3 $1 {/\ Rg3}
Qf6 24. Rg3+ Qg6 25. Rxg6+ fxg6 26. Bxd5+ {1-0 A.Schneider-Stummer, Budapest
1993}) (21... Ne7 $5) 22. Rxd4 $1 d5 $1 (22... exd4 23. Qxg6+ Kh8 24. Qh6+ Nh7
25. Nf5 $40) 23. Rxd5 Qc7 (23... Nxd5 24. Nxh5 $1 gxh5 25. Rh3 $18) 24. Rc5
Qxc5 25. Qxg6+ {1/2-1/2 Volkmann-Stummer, Budapest 1993, but this result is
not easy to understand, for example:} (25. Qxg6+ Kh8 26. Qxf6+ Kh7 27. Qf5+ Kh8
28. Qxh5+ Kg8 29. Qg6+ Kh8 30. Qxa6 $16)) 17. Nf1 Qb8 $40 {with the same idea
of total control over the vital b <->.}) (16. Rdf1 {/\ f4} Qe7 {preparing for
f2-f4.} 17. f4 exf4 18. Rxf4 Qe5 $1 {with a very strong centralized Q.}) 16...
Bd7 {/\ Qb8-b6 Rb8} 17. Ne3 (17. Rd2 {is also met by the standard} Qb8) 17...
Qb8 $1 18. Rd2 Qb6 19. Nf5 {At first sight White has also serious threats, but
he has only one attacking piece.} Bxf5 20. exf5 {[%mdl 4]} Rb8 $1 21. Nd1 (21.
fxg6 Rxb2 $19) 21... Ra4 $1 $19 (21... c3 $1 {was also effective, for example:}
22. Rc2 (22. Nxc3 $2 Rxb2 23. Rhd1 Qb4 $19) (22. bxc3 $2 Rb1+ 23. Kc2 Rc1+ $1
$19) 22... cxb2+ 23. Kb1 Ra4 $19) 22. Kb1 {[#]} (22. Nc3 Nb3+ $1 {opening up
both a and b lines.} 23. axb3 Ra1+ 24. Nb1 Qxb3 25. Rc2 Qa2 $19 {and White has
still no threats on the >>.}) 22... Nb3 $1 {This is the decisive blow in the
style of the great tactician Fedorov!} 23. axb3 ({Ignoring the sacrifice leads
nowhere:} 23. Rc2 Rxa2 $1) 23... Qxb3 24. fxg6 {One N is enough for the
defence against a lonely Q!} Qa2+ 25. Kc1 Qa1+ 26. Kc2 Rab4 ({or} 26... c3) 27.
Bf1 Rxb2+ $1 28. Nxb2 Rxb2+ 0-1

[Event "Guangzhou m"]
[Site "Guangzhou"]
[Date "2000.04.11"]
[Round "3"]
[White "Karpov, Anatoly"]
[Black "Xie, Jun"]
[Result "1-0"]
[WhiteElo "2696"]
[BlackElo "2542"]
[Annotator "Hazai,L"]
[PlyCount "77"]
[EventDate "2000.04.09"]
[EventType "match"]
[EventRounds "4"]
[EventCountry "CHN"]
[SourceTitle "CBM 077"]
[Source "ChessBase"]
[SourceDate "2000.07.27"]
[SourceVersion "1"]
[SourceVersionDate "2000.07.27"]
[SourceQuality "1"]

{[%mdl 2]} 1. d4 Nf6 2. c4 g6 3. Nc3 Bg7 4. e4 d6 5. f3 O-O 6. Be3 Nc6 7. Nge2
a6 8. Qd2 Rb8 9. Nc1 {This is the positional set-up.} (9. h4 {is the
aggressive line.}) 9... e5 {This comes only if the N is not protecting >< d4.}
10. d5 (10. Nb3 {allows sinplifications after} exd4) 10... Nd4 11. Nb3 {
White has to eliminate the strong N immediately.} Nxb3 12. axb3 c5 {Black
wants to blockade the << narrowing White's possibilities there.} 13. g4 {
White wants to gain space on the >> fighting against the standard plan Nh5 and
f7-f5.} (13. b4 {- Ibragimov-Delchev, Anibal op 1997 CBM 58}) 13... h5 (13...
Ne8 {with the idea of f7-f5} 14. h4 (14. Bd3 f5 (14... f6 {is extremely
passive. Black cannot simply sit and wait.} 15. h4 Rf7 16. Qg2 Bf8 17. f4 $16 {
Campos Moreno-Vives Esmerat , Cataluna 1999}) 15. gxf5 gxf5 16. exf5 (16. Bg5
Qc7 17. exf5 {White has to open the position in order to gain control over the
vital central square >< e4.} (17. Kd1 $6 {allows Black to gain space on the >>
after} f4 $1 18. Rg1 Kh8 19. Qf2 Qf7 20. Qh4 Rg8 (20... Bf6 {looks logical in
order to get rid of the bad B.}) 21. Kc2 Bd7 22. Bf1 Bf6 $1 23. Bxf6+ Qxf6 24.
Rxg8+ Kxg8 $15 {Oei-Nijboer, NLD-ch op 1994}) 17... Bxf5 18. Rg1 Bxd3 19. Qxd3
Qf7 20. Rg3 $14 {with the idea of Ne4}) 16... Bxf5 17. Ne4 Bxe4 18. Bxe4 Kh8
19. Qg2 Qh4+ 20. Qg3 Qh5 21. Qg4 $14 {and Black's B remains passive,
Andresen-Sonntag, BL Germany 1992.}) 14... f5 15. gxf5 (15. g5 $14 {and Black
is doomed to passivity according to Cu. Hansen.}) 15... gxf5 16. exf5 Bxf5 17.
h5 Kh8 18. Ne4 Bf6 19. Bd3 Bxe4 20. Bxe4 Rg8 21. O-O-O Qe7 (21... Bg5 22. f4 $1
{White wants to open the long /^ against the black K.} (22. Rdg1 {allows Black
to keep the position closed.} Bxe3 23. Rxg8+ Kxg8 24. Qxe3 Qf6 25. Rg1+ Kh8 $11
) 22... Nf6 (22... exf4 23. Bxf4 Bxf4 24. Qxf4 Qf6 25. Rdf1 $14 {and the N is
ill-placed.}) 23. Bc2 exf4 24. Bxf4 Bxf4 25. Qxf4 $14) 22. Rdg1 Nc7 23. Rg6 $1
Rg7 24. Rxg7 Bxg7 25. Rg1 $14 {Hardicsay-Schumi, Hotel Agro IM 1998}) 14. h3
Nh7 15. gxh5 ({In case of} 15. O-O-O $2 {Black can successfully blockade the
>>.} h4 $1 16. g5 {Otherwise Bf6 comes and Black can exchange his inferior B.}
(16. Bd3 Bf6 {with the idea of Bg5}) (16. Bh6 {is against the principles, it
is Black who is happy to exchange his dark-squared B.} Bd7 17. Bxg7 Kxg7 18. f4
exf4 19. Qxf4 Qg5 $17 {and White remains with a very passive B, Rusjan-Markun,
SLO-chT 1992.}) 16... b5 $1 {Black suddenly grabs the |^ on the <<.} 17. Bd3 ({
Taking the P is a risky business, because Black has ample play on the opened
lines against the white K.} 17. cxb5 axb5 18. Bxb5 Ra8 $44) 17... bxc4 18. Bxc4
Bd7 19. Rdg1 a5 $17 {Oei-Maes, NLD-chT 1994}) 15... Qh4+ 16. Qf2 Qxf2+ {
This leads to a slightly worse _|_ for Black.} (16... Qxh5 {looks reasonable
from practical point of view keeping the queens on the board.} 17. Be2 (17. Rg1
{is met by} Bf6 $1 ({The straightforward} 17... Bh6 {is not so clear, for
example:} 18. f4 exf4 19. Bxf4 Bxf4 20. Qxf4 Rd8 21. Rg3 $14)) (17. f4 Bf6 $1
18. Be2 Qh4 $11 {controlling the important dark squares.}) 17... f5 (17... Bf6
{is now met by} 18. h4 $1) (17... Ng5 $2 {is clearly overoptimistic:} 18. f4
Nxh3 19. Qg3 {The pin on the h <-> is lethal.} Qh7 (19... exf4 20. Bxf4 Qh8 21.
Bxd6 Bf6 (21... Ra8 22. O-O-O $18 {Ivkov-Sofrevski, JUG-ch Titograd 1965}) 22.
O-O-O $18) 20. Bg4 exf4 21. Bxf4 g5 22. Be3 $18) 18. exf5 (18. f4 Qh6 {opens
up the position, but this is not bad for Black, because his B will be
activated.} 19. exf5 Rxf5 (19... exf4 20. Qxf4 g5 21. Qg3 Be5 $132) 20. fxe5 g5
21. Qg1 Rxe5 22. h4 Qf6 23. hxg5 Nxg5 $11) 18... gxf5 (18... Qxf5 19. Ne4 Rd8
20. Bd3 $14 {with a total control over the vital central square >< e4.}) (18...
Bf6 $2 19. f4 $18) 19. f4 Qh6 20. Rg1 (20. fxe5 $5 f4 21. Bd2 Bxe5 22. h4)
20... e4 $14) 17. Kxf2 gxh5 18. Bd3 (18. h4 $5 {White wants to exchange his
passive B.} f5 19. exf5 Bxf5 20. Ke2 Bc2 $5 {Korchnoi} (20... e4 {giving the e
P for the doubled b one is not a good deal.} 21. Nxe4 Bxb2 22. Ra2 Be5 23. Bh3
$14 {Razuvaev-Loginov, RUS-ch51 St Petersburg 1998 CBM 67}) 21. Ne4 (21. Kd2
Rxf3 22. Be2 Rxe3 23. Kxe3 Bh6+ 24. Kf2 Rf8+ 25. Ke1 (25. Kg2 Nf6 $44) 25...
Nf6 $44) 21... Rbd8 $13) 18... h4 (18... Bd7 19. h4 (19. Na4 $6 {loses only
some tempi without creating any significant weakness in Black's camp.} b6 20.
Nc3 a5 {Now it is only Black who can do something on the <<.} 21. Rag1 Kh8 22.
Rg2 h4 23. Rhg1 Bf6 24. Bh6 Rg8 25. Rxg8+ Rxg8 26. Rxg8+ Kxg8 27. Bf1 Bg5 $15 {
and White's bad B remains, Rusjan-Drozdov, Bled op 1994.}) 19... Kh8 20. Ne2 {
threatening with Ng3} f5 21. exf5 Bxf5 22. Bxf5 Rxf5 23. Ng3 Rf7 24. Ne4 Rd8
25. Ke2 $16 {and the N on e4 dominates the board, Razuvaev-Safranska, Nereto
op 1999.}) ({On} 18... Kh8 19. b4 $1 {is the typical breakthrough on the <<.}
b6 20. h4 Bf6 $2 21. b5 a5 22. Ne2 {The target is >< h5.} Bg7 23. Ng3 Nf6 24.
Bf1 $16 {with the idea of Bh3, Rusjan-Roskar, SLO-chT 1995.}) 19. Ke2 Kh8 (
19... Bd7 {is again answered by the typical breakthrough on the <<.} 20. b4 $1
cxb4 21. Na4 f5 (21... b5 22. Nb6) 22. Nb6 $14) 20. b4 $1 {The good old plan
again!} cxb4 $6 {This allows White the real breakthrough on the <<.} (20... b6
$142 {Black has to keep the << as closed as possible.} 21. b3 $1 (21. b5 a5 {
helps only for Black.} 22. Rag1 Rg8 23. Bf2 Bf6 24. Rxg8+ Kxg8 25. Na4 Nf8 $11
(25... Kf8 $2 {leaves the N unattended!} 26. f4 $1)) (21. bxc5 bxc5 22. Ra2 Bf6
$13) 21... Rg8 (21... cxb4 22. Na4 b5 23. Nb6 $14) 22. bxc5 bxc5 23. Bc2 (23.
Ra3 Bf6) 23... Bf6 {and Black has reasonable chances of survival.}) 21. Na4 $1
Rg8 (21... f5 22. c5 $16 {and Black's << collapses.}) (21... Bf6 22. c5 $1 {
crisper than} (22. Bb6 Bd8 23. Ba7 Ra8 24. Nb6 Bxb6 25. Bxb6 Nf6 26. Ke3 $44)
22... Bg5 23. Bf2 $16 {White has to keep his wonderful dark-squared B.}) 22.
Bb6 $5 ({The thematic} 22. c5 $1 {was good and simple, for example:} dxc5 23.
Bxc5 Bf8 24. Ba7 Ra8 25. Bf2 Be7 26. Nb6 Rb8 27. Rac1 $16) 22... Bd7 $1 23. Bc7
$2 {[#] White loses the right track here.} (23. Ba7 Rbe8 24. Bf2 Bf6 25. Nb6
Nf8) (23. Bf2 $5 {was still good enough for keeping the edge.} Bf6 24. Nb6 Nf8
25. c5 dxc5 26. Bxc5 Rd8 $1 (26... Rg2+ $6 27. Kd1 Bb5 (27... Rxb2 $2 28. Bxf8
$18) 28. Bxb5 axb5 29. Bxf8 Rxf8 30. Nd7 $16) 27. Kf2 (27. Bxb4 Rg2+ 28. Kf1
Rxb2) 27... Ng6 28. Bxb4 Nf4 29. Bf1 {was still better for White.}) 23... Rbe8
$2 {[%mdl 8192] Missing the unexpected chance.} (23... b5 $1 {would have been
an annoying surprise for Karpov!} 24. cxb5 axb5 (24... Bxb5 $2 25. Bxb8 Rxb8
26. b3 $18) 25. Nb6 (25. Bxb8 Rxb8 $19 {and the N is lost.}) 25... Rb7 26. Na8
{White's pieces look tragicomic on the <<.} (26. Nxd7 Rxc7 27. Bxb5 Bh6 $1) (
26. Rac1 Bh6 $1) 26... Bf8 27. Bd8 Rg2+ 28. Kf1 Rxb2 29. Bxh4 b3 $17 {and the
N is not very beautiful on the edge of the board!}) 24. Nb6 $16 {Now White is
clearly better again.} Nf6 25. Bxd6 Bf8 (25... Bh6 26. Nxd7 Nxd7 27. Rhg1 $16)
26. Bxf8 Rexf8 (26... Rgxf8 27. c5 $1 $18) 27. Rh2 (27. c5 {was also enough
for the victory.} Rg2+ 28. Ke3 Rxb2 29. Nc4 Rg2 30. Nxe5 $18) 27... Rg3 28. c5
$1 $18 {There is no defence against the strong connected pawns.} Rfg8 (28...
Bxh3 29. Nc4) 29. Rah1 (29. Nc4) 29... Kg7 30. Ke3 Kf8 31. Nc4 Bb5 32. Nxe5
R8g5 33. Bxb5 Rxe5 34. Kd4 Reg5 35. f4 Rg8 36. Be2 Ke7 37. e5 {The falanx is
moving ahead.} Nxd5 38. Kxd5 Re3 39. Kd4 1-0